| 000 | 00942nam a2200253 i 4500 | ||
|---|---|---|---|
| 999 |
_c2878 _d2878 |
||
| 001 | 3637937 | ||
| 003 | GBCCL | ||
| 005 | 20241126110442.0 | ||
| 008 | 750211s1974 tnua b 000 0 eng | ||
| 010 | _a 75302520 | ||
| 040 |
_aDLC _cDLC _dDLC |
||
| 050 | 0 | 0 |
_aBV1535 _b.F65 |
| 082 | 0 | 0 |
_a268.635 _bFOR |
| 100 | 1 |
_aFord, LeRoy. _96032 |
|
| 245 | 1 | 0 |
_aUsing audiovisuals in religious education / _cLeRoy Ford. |
| 260 |
_aNashville : _bConvention Press, _c[1974] |
||
| 300 |
_a128 p. : _bill. ; _c20 cm. |
||
| 500 | _a"This book is the text for course 6912 of subject area 69, Program and Administrative Services of the Church Study Course [Sunday School Board, Southern Baptist Convention]" | ||
| 504 | _aBibliography: p. 121-125. | ||
| 650 | 0 |
_aReligious education _xAudio-visual aids. _96033 |
|
| 710 | 2 |
_aSouthern Baptist Convention. _bSunday School Board. _96027 |
|
| 906 |
_a7 _bcbc _corignew _d2 _encip _f19 _gy-gencatlg |
||
| 942 |
_2ddc _cBK |
||